[Event "Oberliga Ost-A 1819"]
[Site "Germany"]
[Date "2019.04.07"]
[Round "11.4"]
[White "Schuetze, Norman"]
[Black "Salzmann, Peter"]
[Result "1-0"]
[WhiteElo "2272"]
[BlackElo "2171"]
[PlyCount "89"]
[EventDate "2018.10.21"]
[EventType "team-tourn"]
[EventRounds "11"]
[EventCountry "GER"]
[SourceTitle "EXT 2020"]
[Source "ChessBase"]
[SourceDate "2019.10.17"]
[SourceVersion "1"]
[SourceVersionDate "2019.10.17"]
[SourceQuality "1"]
[WhiteTeam "Loeberitz"]
[BlackTeam "Dresden USV TU II"]
[WhiteTeamCountry "GER"]
[BlackTeamCountry "GER"]

1. e4 e5 2. Nf3 Nc6 3. Bc4 Be7 4. 0-0 Nf6 5. d3 d6 6. c3 0-0 7. Re1 Na5 8. Bb5 c6 9. Ba4 b5 10. Bc2 Bg4 11. Nbd2 Nd7 12. h3 Be6 13. d4 f6 14. b3 Nb6 15. Nf1 Kh8 16. Ng3 Nb7 17. Be3 c5 18. Nf5 Rc8 19. d5 Bd7 20. g4 Qe8 21. Ng3 Ra8 22. Kg2 a5 23. Nd2 b4 24. c4 a4 25. Qe2 Ra7 26. h4 Qa8 27. Rac1 Qc8 28. Nf5 Bxf5 29. exf5 Qd7 30. g5 axb3 31. axb3 Rfa8 32. Qh5 Bf8 33. Ne4 Qe7 34. Rg1 Nd7 35. Kh1 Kg8 36. Qg4 Kh8 37. h5 Nd8 38. h6 Nf7 39. Qh5 fxg5 40. hxg7+ Bxg7 41. f6 Bxf6 42. Nxc5 Nd8 43. Ne4 Nc5 44. Nxf6 Qxf6 45. Qe8+ 1-0

[Event "Oberliga Ost-A 1617"]
[Site "Germany"]
[Date "2017.03.19"]
[Round "8.4"]
[White "Haertig, Jens"]
[Black "Salzmann, Peter"]
[Result "1/2-1/2"]
[WhiteElo "2137"]
[BlackElo "2136"]
[PlyCount "76"]
[EventDate "2016.10.16"]
[EventType "team-tourn"]
[EventRounds "11"]
[EventCountry "GER"]
[SourceTitle "EXT 2018"]
[Source "ChessBase"]
[SourceDate "2017.10.13"]
[SourceVersion "1"]
[SourceVersionDate "2017.10.13"]
[SourceQuality "1"]
[WhiteTeam "Naumburg"]
[BlackTeam "Dresden USV TU II"]
[WhiteTeamCountry "GER"]
[BlackTeamCountry "GER"]

1. c4 g6 2. Nc3 Bg7 3. g3 c5 4. Bg2 Nc6 5. e3 d6 6. Nge2 e5 7. 0-0 Nge7 8. a3 0-0 9. Rb1 f5 10. d3 h6 11. b4 cxb4 12. axb4 a5 13. bxa5 Rxa5 14. Bd2 Ra8 15. Qb3 Kh7 16. Rfc1 Rb8 17. Nd5 Nxd5 18. cxd5 Ne7 19. Qb6 Ra8 20. Qb3 g5 21. f4 gxf4 22. exf4 Ng6 23. Kh1 Re8 24. Re1 h5 25. d4 e4 26. Qb6 Ne7 27. Qb5 Qd7 28. Qb3 b6 29. Be3 Ba6 30. Nc3 Bd3 31. Rb2 Rec8 32. Bf1 Bxf1 33. Rxf1 Qb7 34. Nb5 Qxd5 35. Qb4 Rc6 36. Qd2 Ra5 37. Qe2 Rc4 38. Qxh5+ Kg8 1/2-1/2

[Event "Oberliga Ost-A 1617"]
[Site "Germany"]
[Date "2017.02.19"]
[Round "7.4"]
[White "Salzmann, Peter"]
[Black "Gehmlich, Marcel"]
[Result "1/2-1/2"]
[WhiteElo "2136"]
[BlackElo "2194"]
[PlyCount "76"]
[EventDate "2016.10.16"]
[EventType "team-tourn"]
[EventRounds "11"]
[EventCountry "GER"]
[SourceTitle "EXT 2018"]
[Source "ChessBase"]
[SourceDate "2017.10.13"]
[SourceVersion "1"]
[SourceVersionDate "2017.10.13"]
[SourceQuality "1"]
[WhiteTeam "Dresden USV TU II"]
[BlackTeam "Dresden Gruen Weiss"]
[WhiteTeamCountry "GER"]
[BlackTeamCountry "GER"]

1. c4 b6 2. Nf3 Bb7 3. g3 Nf6 4. Bg2 c5 5. 0-0 g6 6. Nc3 Bg7 7. d3 0-0 8. e4 Nc6 9. Bg5 h6 10. Be3 Ng4 11. Bd2 Nge5 12. Nxe5 Nxe5 13. Qe2 Nc6 14. Be3 Nd4 15. Qd2 Kh7 16. f4 e6 17. Rf2 d6 18. Raf1 Qd7 19. h3 f5 20. g4 Rae8 21. Ne2 Nxe2+ 22. Rxe2 d5 23. gxf5 gxf5 24. cxd5 exd5 25. e5 d4 26. Bf2 Bxg2 27. Kxg2 Qd5+ 28. Kh2 Qxa2 29. Rg1 Rg8 30. Bh4 Qd5 31. Reg2 Bh8 32. Qe2 Rxg2+ 33. Rxg2 Qf7 34. Qf3 Bg7 35. Qc6 Re6 36. Qc8 Re8 37. Qc6 Re6 38. Qc8 Re8 1/2-1/2

[Event "Oberliga Ost-A 1617"]
[Site "Germany"]
[Date "2017.02.18"]
[Round "6.5"]
[White "Salzmann, Peter"]
[Black "Hofmann, Rares"]
[Result "0-1"]
[WhiteElo "2136"]
[BlackElo "2081"]
[PlyCount "86"]
[EventDate "2016.10.16"]
[EventType "team-tourn"]
[EventRounds "11"]
[EventCountry "GER"]
[SourceTitle "EXT 2018"]
[Source "ChessBase"]
[SourceDate "2017.10.13"]
[SourceVersion "1"]
[SourceVersionDate "2017.10.13"]
[SourceQuality "1"]
[WhiteTeam "Dresden USV TU II"]
[BlackTeam "Coswig TuS"]
[WhiteTeamCountry "GER"]
[BlackTeamCountry "GER"]

1. d4 d5 2. Bf4 Nf6 3. e3 c5 4. c3 Nc6 5. Be2 Qb6 6. Qb3 c4 7. Qc2 Bf5 8. Qc1 e6 9. Nd2 Be7 10. f3 Nh5 11. Bg3 Nxg3 12. hxg3 Qc7 13. f4 0-0-0 14. b3 cxb3 15. axb3 g5 16. c4 gxf4 17. gxf4 Rhg8 18. cxd5 exd5 19. Bf3 Rge8 20. Nf1 Bf6 21. Kf2 Nxd4 22. Qxc7+ Kxc7 23. Rxa7 Nxb3 24. g4 Bd3 25. Ra3 Nc5 26. Rh5 Bb2 27. Ra2 Bc4 28. Rxb2 Nd3+ 29. Kg2 Nxb2 30. Rxh7 Bxf1+ 31. Kxf1 Rd7 32. g5 Nc4 33. Ne2 Nxe3+ 34. Kf2 Nd1+ 35. Kg3 d4 36. Nxd4 Rxd4 37. Rxf7+ Kd8 38. g6 Ne3 39. g7 Rd7 40. Bh5 Rxf7 41. Bxf7 Nf5+ 42. Kf3 Nxg7 43. Bxe8 Nxe8 0-1

[Event "Bayern-chI Bank Hofmann 20th"]
[Site "Bad Wiessee"]
[Date "2016.11.01"]
[Round "4"]
[White "Nasshan, Dennis"]
[Black "Salzmann, Peter"]
[Result "1-0"]
[WhiteElo "2307"]
[BlackElo "2136"]
[PlyCount "55"]
[EventDate "2016.10.29"]
[EventType "swiss"]
[EventRounds "9"]
[EventCountry "GER"]
[SourceTitle "CBM 175 Extra"]
[Source "ChessBase"]
[SourceDate "2016.12.12"]
[SourceVersion "1"]
[SourceVersionDate "2016.12.12"]
[SourceQuality "1"]

1. d4 d6 2. c4 g6 3. Nc3 Bg7 4. Nf3 c6 5. g3 Bg4 6. Bg2 Qc8 7. h3 Bd7 8. Qb3 Na6 9. Be3 Nc7 10. Bd2 h6 11. Rd1 Ne6 12. e3 Rb8 13. a4 Ng5 14. Ng1 e5 15. dxe5 dxe5 16. f4 Ne6 17. Ne4 Qc7 18. Bc3 exf4 19. gxf4 f5 20. Bxg7 Nxg7 21. Nd6+ Kf8 22. Qc3 Rh7 23. Nf3 Ne8 24. c5 Nxd6 25. Rxd6 Be8 26. 0-0 Qg7 27. Ne5 Nf6 28. Rxf6+ 1-0

[Event "Oberliga Ost-A 1516"]
[Site "Germany"]
[Date "2016.01.16"]
[Round "6.6"]
[White "Salzmann, Peter"]
[Black "Porschberg, Thomas"]
[Result "1-0"]
[WhiteElo "2150"]
[BlackElo "1965"]
[PlyCount "75"]
[EventDate "2015.09.20"]
[EventType "team-tourn"]
[EventRounds "11"]
[EventCountry "GER"]
[SourceTitle "EXT 2017"]
[Source "ChessBase"]
[SourceDate "2016.10.25"]
[SourceVersion "1"]
[SourceVersionDate "2016.10.25"]
[SourceQuality "1"]
[WhiteTeam "Dresden TU II"]
[BlackTeam "Bannewitz"]
[WhiteTeamCountry "GER"]
[BlackTeamCountry "GER"]

1. c4 e6 2. b3 f5 3. Bb2 Nf6 4. g3 Be7 5. Bg2 0-0 6. Nf3 d5 7. 0-0 b6 8. Nc3 Bb7 9. d4 c6 10. Rc1 Bd6 11. Ne5 Ne4 12. cxd5 exd5 13. Nxe4 dxe4 14. Qc2 Bxe5 15. dxe5 c5 16. Rfd1 Qg5 17. Qc4+ Kh8 18. Rd6 Nc6 19. Rd7 Na5 20. Qc3 Bc6 21. Rd6 Rad8 22. h4 Qe7 23. Bh3 Bd5 24. Rxd8 Rxd8 25. Bxf5 Nc6 26. e3 Nb4 27. Ra1 Nd3 28. f4 Rf8 29. Bh3 Be6 30. Bf1 Nb4 31. Rd1 Nxa2 32. Qc2 Bg4 33. Rd6 Bf5 34. Ba3 Nb4 35. Bxb4 cxb4 36. Qd2 Rc8 37. Qxb4 h5 38. Rh6+ 1-0

[Event "Bayern-chI Bank Hofmann 19th"]
[Site "Bad Wiessee"]
[Date "2015.11.08"]
[Round "9"]
[White "Zach, Andreas"]
[Black "Salzmann, Peter"]
[Result "1-0"]
[WhiteElo "2338"]
[BlackElo "2147"]
[PlyCount "179"]
[EventDate "2015.10.31"]
[EventType "swiss"]
[EventRounds "9"]
[EventCountry "GER"]
[SourceTitle "EXT 2017"]
[Source "ChessBase"]
[SourceDate "2016.10.25"]
[SourceVersion "1"]
[SourceVersionDate "2016.10.25"]
[SourceQuality "1"]

1. d4 Nf6 2. Bf4 d6 3. e3 g6 4. Nf3 Bg7 5. Be2 Nbd7 6. h3 c5 7. c3 b6 8. 0-0 0-0 9. a4 Bb7 10. a5 bxa5 11. Qa4 Qb6 12. Nbd2 Bc6 13. Qxa5 Nd5 14. Bg5 h6 15. Nc4 Qb7 16. Bh4 g5 17. Bg3 N5b6 18. Qa2 Nxc4 19. Bxc4 cxd4 20. exd4 Nb6 21. Ba6 Qd7 22. Nd2 Bb5 23. Rfe1 Bxa6 24. Qxa6 f5 25. Qa2+ Kh8 26. f3 f4 27. Bf2 d5 28. Nb3 Bf6 29. Nc5 Qf5 30. b3 Rfc8 31. Qe2 h5 32. Ra6 Rc7 33. Qe6 Qxe6 34. Rxe6 Rac8 35. g3 Nd7 36. b4 Nf8 37. Re2 Kg8 38. Rea2 Rb8 39. Rxa7 Rxa7 40. Rxa7 e5 41. gxf4 gxf4 42. Na6 Rc8 43. Nc7 Rd8 44. Ra5 exd4 45. Nxd5 dxc3 46. Nxf6+ Kf7 47. Rc5 Rd1+ 48. Kg2 Kxf6 49. Rxc3 Rb1 50. Bh4+ Ke6 51. Rc6+ Kd7 52. Rc4 Rb2+ 53. Kf1 Ne6 54. Bf6 Rb3 55. Ke2 Kd6 56. Re4 Kd5 57. h4 Rb1 58. Re5+ Kd6 59. Rb5 Rb3 60. Rxh5 Rxb4 61. Be5+ Kc6 62. Bc3 Ra4 63. Ra5 Nd4+ 64. Kf2 Rc4 65. Bxd4 Rxd4 66. Kg2 Kd6 67. Kh3 Ke6 68. Kg4 Kf6 69. Rf5+ Kg6 70. h5+ Kg7 71. Kg5 Rd6 72. Rxf4 Ra6 73. Rf5 Rb6 74. Rd5 Rb7 75. f4 Ra7 76. Rb5 Rc7 77. h6+ Kh7 78. Rb8 Ra7 79. f5 Rc7 80. Re8 Ra7 81. Kf6 Ra6+ 82. Re6 Ra1 83. Kf7 Ra5 84. f6 Kxh6 85. Kf8 Kg6 86. f7+ Kh7 87. Ke7 Ra7+ 88. Kf6 Ra8 89. Re8 Ra6+ 90. Ke5 1-0

[Event "Oberliga Ost-A 1415"]
[Site "Germany"]
[Date "2014.11.09"]
[Round "4.4"]
[White "Kahe, Ralph"]
[Black "Salzmann, Peter"]
[Result "1-0"]
[WhiteElo "2193"]
[BlackElo "2176"]
[PlyCount "135"]
[EventDate "2014.09.21"]
[EventType "team-tourn"]
[EventRounds "11"]
[EventCountry "GER"]
[SourceTitle "EXT 2016"]
[Source "ChessBase"]
[SourceDate "2015.10.08"]
[SourceVersion "1"]
[SourceVersionDate "2015.10.08"]
[SourceQuality "1"]
[WhiteTeam "Magdeburg Rochade"]
[BlackTeam "Dresden USV TU II"]
[WhiteTeamCountry "GER"]
[BlackTeamCountry "GER"]

1. d4 Nf6 2. c4 c6 3. Nc3 d5 4. Nf3 e6 5. Bg5 Be7 6. e3 0-0 7. Rc1 Nbd7 8. Qc2 Re8 9. a3 Nf8 10. Bd3 N6d7 11. Bf4 dxc4 12. Bxc4 Nb6 13. Ba2 Nd5 14. Bg3 Nxc3 15. Qxc3 Bd7 16. 0-0 Rc8 17. b4 a5 18. Ne5 axb4 19. axb4 Ra8 20. Bb1 Ra4 21. Nd3 Qb6 22. Qc2 Ra3 23. Nc5 g6 24. Qb2 Rea8 25. Rc3 Rxc3 26. Qxc3 Be8 27. Bd3 Qa7 28. Rb1 Qa3 29. Qxa3 Rxa3 30. Bf1 b6 31. Ne4 Nd7 32. Bd6 Bxd6 33. Nxd6 Kf8 34. b5 c5 35. dxc5 bxc5 36. b6 Nb8 37. Ne4 Ra5 38. Rc1 Bc6 39. Nxc5 Ke7 40. Nb3 Ra2 41. Nd4 Kd6 42. Nxc6 Nxc6 43. Rb1 Nb8 44. g3 Kc5 45. Bg2 Ra5 46. b7 Kd6 47. h4 Rc5 48. g4 h6 49. Kh2 Kc7 50. Ra1 Rc2 51. Kg3 Rc4 52. Ra3 Rc2 53. g5 hxg5 54. hxg5 Rc5 55. f4 Rc2 56. Be4 Rc5 57. Ra1 Rc3 58. Kf3 Nc6 59. Rb1 Kb8 60. Rb6 Nd8 61. Ke2 Rc7 62. Kd3 Rd7+ 63. Kc4 Nxb7 64. Bc6 Rc7 65. Kd4 Kc8 66. Bxb7+ Kd8 67. Be4 Ke8 68. Rb8+ 1-0

[Event "Oberliga Ost-A 1415"]
[Site "Germany"]
[Date "2014.10.18"]
[Round "2.4"]
[White "Salzmann, Peter"]
[Black "Liebert, Heinz"]
[Result "1/2-1/2"]
[WhiteElo "2176"]
[BlackElo "2240"]
[PlyCount "78"]
[EventDate "2014.09.21"]
[EventType "team-tourn"]
[EventRounds "11"]
[EventCountry "GER"]
[SourceTitle "EXT 2016"]
[Source "ChessBase"]
[SourceDate "2015.10.08"]
[SourceVersion "1"]
[SourceVersionDate "2015.10.08"]
[SourceQuality "1"]
[WhiteTeam "Dresden USV TU II"]
[BlackTeam "Halle Volksbank"]
[WhiteTeamCountry "GER"]
[BlackTeamCountry "GER"]

1. d4 Nf6 2. Nf3 e6 3. c4 b6 4. g3 Bb4+ 5. Bd2 Bxd2+ 6. Nbxd2 Bb7 7. Bg2 c5 8. dxc5 bxc5 9. 0-0 0-0 10. Qb3 Qc7 11. Rfd1 Nc6 12. Rac1 Rab8 13. Qe3 d6 14. b3 Rfd8 15. h4 h6 16. Nb1 a6 17. Nc3 e5 18. Nh2 Nd4 19. Bxb7 Qxb7 20. g4 Qd7 21. Qg3 Qe6 22. e3 Nc6 23. g5 hxg5 24. hxg5 Nh7 25. Ne4 f5 26. gxf6 Nxf6 27. Nxf6+ Qxf6 28. Ng4 Qe6 29. Kg2 Ne7 30. Rh1 Nf5 31. Qh3 Kf7 32. Qf3 Ke7 33. Rh5 Rf8 34. Qh3 Qg6 35. Rh1 Rh8 36. Rxh8 Rxh8 37. Qxh8 Qxg4+ 38. Kf1 Qd1+ 39. Kg2 Qg4+ 1/2-1/2

[Event "Oberliga Ost-A 1314"]
[Site "Germany"]
[Date "2013.11.10"]
[Round "3.4"]
[White "Kyas, Juergen"]
[Black "Salzmann, Peter"]
[Result "1/2-1/2"]
[WhiteElo "2205"]
[BlackElo "2196"]
[PlyCount "29"]
[EventDate "2013.10.13"]
[EventType "team-tourn"]
[EventRounds "11"]
[EventCountry "GER"]
[SourceTitle "EXT 2015"]
[Source "ChessBase"]
[SourceDate "2014.11.20"]
[SourceVersion "1"]
[SourceVersionDate "2014.11.20"]
[SourceQuality "1"]
[WhiteTeam "Chemnitz"]
[BlackTeam "Dresden USV II"]
[WhiteTeamCountry "GER"]
[BlackTeamCountry "GER"]

1. e4 e5 2. Bc4 Nc6 3. Nf3 d6 4. c3 Na5 5. Bb5+ Bd7 6. Bxd7+ Qxd7 7. 0-0 Nf6 8. Re1 Nc6 9. d4 g6 10. Bg5 Bg7 11. Nbd2 h6 12. Bxf6 Bxf6 13. dxe5 Nxe5 14. Nxe5 Bxe5 15. Nf3 1/2-1/2

[Event "Oberliga Ost-A 1213"]
[Site "Germany"]
[Date "2013.04.14"]
[Round "11.3"]
[White "Salzmann, Peter"]
[Black "Melamed, Tatiana"]
[Result "0-1"]
[WhiteElo "2202"]
[BlackElo "2341"]
[PlyCount "64"]
[EventDate "2012.10.14"]
[EventType "team-tourn"]
[EventRounds "11"]
[EventCountry "GER"]
[SourceTitle "EXT 2014"]
[Source "ChessBase"]
[SourceDate "2013.11.20"]
[SourceVersion "1"]
[SourceVersionDate "2013.11.20"]
[SourceQuality "1"]
[WhiteTeam "Dresden USV II"]
[BlackTeam "Magdeburg Aufbau Elbe"]
[WhiteTeamCountry "GER"]
[BlackTeamCountry "GER"]

1. e4 c5 2. Nc3 Nc6 3. b3 Nf6 4. Bb2 e6 5. f4 Be7 6. e5 Nd5 7. Qg4 0-0 8. Nxd5 exd5 9. Qf3 d6 10. Bd3 dxe5 11. fxe5 c4 12. bxc4 dxc4 13. Bxc4 Be6 14. Bxe6 fxe6 15. Qb3 Nd4 16. Qc4 Bc5 17. 0-0-0 Rc8 18. Nf3 Rxf3 19. gxf3 Ba3 20. Qd3 Rxc2+ 21. Qxc2 Nxc2 22. Kxc2 Bxb2 23. Kxb2 Qd4+ 24. Kc2 Qxe5 25. Rde1 Qd5 26. Re3 Qxa2+ 27. Kc3 b5 28. Rhe1 a5 29. Rxe6 b4+ 30. Kd3 Qd5+ 31. Kc2 h6 32. R1e5 Qc4+ 0-1

[Event "Oberliga Ost-A 1213"]
[Site "Germany"]
[Date "2013.01.13"]
[Round "5.4"]
[White "Katz, Roland"]
[Black "Salzmann, Peter"]
[Result "1/2-1/2"]
[WhiteElo "2115"]
[BlackElo "2202"]
[PlyCount "31"]
[EventDate "2012.10.14"]
[EventType "team-tourn"]
[EventRounds "11"]
[EventCountry "GER"]
[SourceTitle "EXT 2014"]
[Source "ChessBase"]
[SourceDate "2013.11.20"]
[SourceVersion "1"]
[SourceVersionDate "2013.11.20"]
[SourceQuality "1"]
[WhiteTeam "Dessau"]
[BlackTeam "Dresden USV II"]
[WhiteTeamCountry "GER"]
[BlackTeamCountry "GER"]

1. e4 d6 2. d4 g6 3. Nc3 Bg7 4. Be3 c6 5. Qd2 b5 6. f3 a5 7. Bd3 b4 8. Nce2 Ba6 9. h4 h5 10. c3 Bxd3 11. Qxd3 Nd7 12. Nh3 e5 13. Ng5 Ne7 14. Qc4 d5 15. Qd3 Qb8 16. 0-0 1/2-1/2

[Event "Oberliga Ost-A 1213"]
[Site "Germany"]
[Date "2012.11.11"]
[Round "3.2"]
[White "Salzmann, Peter"]
[Black "Siedentopf, Daniel"]
[Result "0-1"]
[WhiteElo "2202"]
[BlackElo "2301"]
[PlyCount "46"]
[EventDate "2012.10.14"]
[EventType "team-tourn"]
[EventRounds "11"]
[EventCountry "GER"]
[SourceTitle "EXT 2014"]
[Source "ChessBase"]
[SourceDate "2013.11.20"]
[SourceVersion "1"]
[SourceVersionDate "2013.11.20"]
[SourceQuality "1"]
[WhiteTeam "Dresden USV II"]
[BlackTeam "Dresden Gruen Weiss"]
[WhiteTeamCountry "GER"]
[BlackTeamCountry "GER"]

1. d4 f5 2. c4 Nf6 3. Nc3 d6 4. g3 g6 5. Bg2 Bg7 6. Qb3 c6 7. Bg5 e5 8. dxe5 dxe5 9. e4 Na6 10. Rd1 Qe7 11. Qc2 Nc5 12. Nge2 0-0 13. 0-0 Qf7 14. Bxf6 Qxf6 15. f4 exf4 16. Nxf4 Qf7 17. b3 Qf6 18. Nfe2 Qe7 19. Nd4 fxe4 20. Rxf8+ Qxf8 21. Nxe4 Bg4 22. Ne2 Re8 23. Rd2 Bf5 0-1

[Event "BL2-Ost 0910"]
[Site "Germany"]
[Date "2010.01.24"]
[Round "5.8"]
[White "Heimrath, Reiner"]
[Black "Salzmann, Peter"]
[Result "1-0"]
[WhiteElo "2256"]
[BlackElo "2205"]
[PlyCount "57"]
[EventDate "2009.10.18"]
[EventType "team-tourn"]
[EventRounds "9"]
[EventCountry "GER"]
[SourceTitle "EXT 2011"]
[Source "ChessBase"]
[SourceDate "2010.11.26"]
[SourceVersion "1"]
[SourceVersionDate "2010.11.26"]
[SourceQuality "1"]
[WhiteTeam "Nuernberg"]
[BlackTeam "Dresden USV"]
[WhiteTeamCountry "GER"]
[BlackTeamCountry "GER"]

1. e4 c5 2. Nf3 Nc6 3. Bb5 g6 4. 0-0 Bg7 5. Re1 Nd4 6. Bf1 d6 7. c3 Nxf3+ 8. Qxf3 e5 9. Bc4 Qf6 10. Bb5+ Bd7 11. Bxd7+ Kxd7 12. Qe2 a6 13. Na3 Ne7 14. Nc4 Kc7 15. b4 Qe6 16. bxc5 dxc5 17. d4 exd4 18. Bf4+ Kd8 19. Nd6 b6 20. Rab1 Nc8 21. e5 Rb8 22. Qxa6 dxc3 23. Bg5+ Kc7 24. Bf4 c2 25. Rbc1 Kc6 26. Qa4+ b5 27. Qxc2 Nxd6 28. Qxc5+ Kb7 29. Qc6+ 1-0

[Event "Bundesliga 0809"]
[Site "Germany"]
[Date "2008.12.13"]
[Round "8.8"]
[White "Doettling, Fabian"]
[Black "Salzmann, Peter"]
[Result "1-0"]
[WhiteElo "2564"]
[BlackElo "2209"]
[PlyCount "61"]
[EventDate "2008.10.03"]
[EventType "team-tourn"]
[EventRounds "15"]
[EventCountry "GER"]
[SourceTitle "CBM 127 Extra"]
[Source "ChessBase"]
[SourceDate "2009.01.08"]
[SourceVersion "2"]
[SourceVersionDate "2009.01.28"]
[SourceQuality "1"]
[WhiteTeam "Baden-Baden"]
[BlackTeam "Dresden"]
[WhiteTeamCountry "GER"]
[BlackTeamCountry "GER"]

1. d4 d5 2. Nf3 Nf6 3. c4 c6 4. e3 g6 5. Nc3 Bg7 6. Be2 0-0 7. 0-0 Bg4 8. h3 Bxf3 9. Bxf3 dxc4 10. Qe2 Nbd7 11. Qxc4 e5 12. Rd1 exd4 13. exd4 Nb6 14. Qb3 Qd7 15. a4 Nbd5 16. a5 h6 17. Bd2 b5 18. Rac1 Rac8 19. Nxd5 Nxd5 20. Bg4 f5 21. Bf3 Kh7 22. Bxd5 Qxd5 23. Qxd5 cxd5 24. Bb4 Rxc1 25. Rxc1 Rf7 26. Bc5 a6 27. Re1 Rf6 28. Re5 g5 29. Rxd5 Kg6 30. Kf1 Re6 31. Rd7 1-0

[Event "Oberliga Ost-A 0405"]
[Site "Germany"]
[Date "2004.12.12"]
[Round "5.7"]
[White "Puschendorf, Steffen"]
[Black "Salzmann, Peter"]
[Result "1-0"]
[WhiteElo "2120"]
[BlackElo "2222"]
[PlyCount "33"]
[EventDate "2004.10.10"]
[EventType "team-tourn"]
[EventRounds "11"]
[EventCountry "GER"]
[SourceTitle "EXT 2006"]
[Source "ChessBase"]
[SourceDate "2005.11.24"]
[SourceVersion "1"]
[SourceVersionDate "2005.11.24"]
[SourceQuality "1"]
[WhiteTeam "Liebschwitz"]
[BlackTeam "Dresden SC 1898"]
[WhiteTeamCountry "GER"]
[BlackTeamCountry "GER"]

1. d4 Nf6 2. c4 d6 3. Nc3 c6 4. e4 Qc7 5. Nge2 a5 6. Ng3 h5 7. h4 g6 8. Be2 Bg7 9. Bg5 Bd7 10. Qd2 Na6 11. 0-0 0-0-0 12. c5 dxc5 13. Bf4 e5 14. Bxe5 Nxe4 15. Ncxe4 Bxe5 16. dxe5 Qxe5 17. Nd6+ 1-0

[Event "IECG CP.2004.P.00056 email"]
[Site "IECG email"]
[Date "2004.10.01"]
[Round "?"]
[White "Kudryavtsev, Yaroslav"]
[Black "Salzmann, Peter"]
[Result "1-0"]
[WhiteElo "1921"]
[BlackElo "1453"]
[PlyCount "27"]
[EventDate "2004.10.01"]
[EventType "tourn (corr)"]
[EventRounds "6"]
[SourceTitle "Corr 2024"]
[Source "ChessBase"]
[SourceDate "2023.10.19"]
[SourceVersion "1"]
[SourceVersionDate "2023.10.19"]
[SourceQuality "1"]

1. e4 d5 2. exd5 Qxd5 3. Nc3 Qe6+ 4. Be2 Qg6 5. Bf3 Nf6 6. Nge2 Na6 7. 0-0 e6 8. d4 Bd6 9. Nb5 0-0 10. Nxd6 cxd6 11. Bf4 Rd8 12. c3 Nd5 13. Bg3 Qf5 14. c4 1-0